<?xml version="1.0" encoding="UTF-8"?>
<record
    xmlns:xsi="http://www.w3.org/2001/XMLSchema-instance"
    xsi:schemaLocation="http://www.loc.gov/MARC21/slim http://www.loc.gov/standards/marcxml/schema/MARC21slim.xsd"
    xmlns="http://www.loc.gov/MARC21/slim">

  <leader>00462nam a2200145Ia 4500</leader>
  <controlfield tag="008">230411s9999    xx            000 0 und d</controlfield>
  <datafield tag="020" ind1=" " ind2=" ">
    <subfield code="a">978-81-945700-5-9</subfield>
  </datafield>
  <datafield tag="041" ind1=" " ind2=" ">
    <subfield code="a">eng</subfield>
  </datafield>
  <datafield tag="082" ind1=" " ind2=" ">
    <subfield code="a">F/610.73/VEN/B09602</subfield>
  </datafield>
  <datafield tag="100" ind1=" " ind2=" ">
    <subfield code="a">Venkatesan B Azhagesan C &amp; Shanmugapriya C</subfield>
    <subfield code="9">180124</subfield>
  </datafield>
  <datafield tag="245" ind1=" " ind2=" ">
    <subfield code="a">Comprehensive Textbook on Nursing Foundation for General Nursing and Midwifery Course</subfield>
  </datafield>
  <datafield tag="260" ind1=" " ind2=" ">
    <subfield code="b">EMMESS</subfield>
    <subfield code="a">Bangalore</subfield>
    <subfield code="c">2020</subfield>
  </datafield>
  <datafield tag="300" ind1=" " ind2=" ">
    <subfield code="a">412</subfield>
  </datafield>
  <datafield tag="999" ind1=" " ind2=" ">
    <subfield code="c">158606</subfield>
    <subfield code="d">158606</subfield>
  </datafield>
  <datafield tag="952" ind1=" " ind2=" ">
    <subfield code="0">0</subfield>
    <subfield code="1">0</subfield>
    <subfield code="4">0</subfield>
    <subfield code="7">0</subfield>
    <subfield code="8">F</subfield>
    <subfield code="a">BTIN</subfield>
    <subfield code="b">BTIN</subfield>
    <subfield code="d">2021-12-23</subfield>
    <subfield code="e">Patil Medical Book House</subfield>
    <subfield code="g">550.00</subfield>
    <subfield code="i">1604</subfield>
    <subfield code="l">2</subfield>
    <subfield code="m">1</subfield>
    <subfield code="o">F 610.73 VEN B09602</subfield>
    <subfield code="p">BTIN-BK-9602</subfield>
    <subfield code="r">2023-12-02 00:00:00</subfield>
    <subfield code="s">2023-10-31</subfield>
    <subfield code="v">382.25</subfield>
    <subfield code="w">2021-02-25</subfield>
    <subfield code="y">BK</subfield>
    <subfield code="z">B09602</subfield>
  </datafield>
  <datafield tag="952" ind1=" " ind2=" ">
    <subfield code="0">0</subfield>
    <subfield code="1">0</subfield>
    <subfield code="4">0</subfield>
    <subfield code="7">0</subfield>
    <subfield code="8">F</subfield>
    <subfield code="a">BTIN</subfield>
    <subfield code="b">BTIN</subfield>
    <subfield code="d">2021-12-23</subfield>
    <subfield code="e">Patil Medical Book House</subfield>
    <subfield code="g">550.00</subfield>
    <subfield code="i">1604</subfield>
    <subfield code="l">5</subfield>
    <subfield code="o">F 610.73 VEN B09603</subfield>
    <subfield code="p">BTIN-BK-9603</subfield>
    <subfield code="r">2024-10-15 00:00:00</subfield>
    <subfield code="s">2024-10-05</subfield>
    <subfield code="v">382.25</subfield>
    <subfield code="w">2021-02-25</subfield>
    <subfield code="y">BK</subfield>
    <subfield code="z">B09603</subfield>
  </datafield>
  <datafield tag="952" ind1=" " ind2=" ">
    <subfield code="0">0</subfield>
    <subfield code="1">0</subfield>
    <subfield code="4">0</subfield>
    <subfield code="7">0</subfield>
    <subfield code="8">F</subfield>
    <subfield code="a">BTIN</subfield>
    <subfield code="b">BTIN</subfield>
    <subfield code="d">2021-12-23</subfield>
    <subfield code="e">Patil Medical Book House</subfield>
    <subfield code="g">550.00</subfield>
    <subfield code="i">1604</subfield>
    <subfield code="l">5</subfield>
    <subfield code="m">4</subfield>
    <subfield code="o">F 610.73 VEN B09604</subfield>
    <subfield code="p">BTIN-BK-9604</subfield>
    <subfield code="r">2024-06-25 00:00:00</subfield>
    <subfield code="s">2024-06-24</subfield>
    <subfield code="v">382.25</subfield>
    <subfield code="w">2021-02-25</subfield>
    <subfield code="y">BK</subfield>
    <subfield code="z">B09604</subfield>
  </datafield>
  <datafield tag="952" ind1=" " ind2=" ">
    <subfield code="0">0</subfield>
    <subfield code="1">0</subfield>
    <subfield code="4">0</subfield>
    <subfield code="7">0</subfield>
    <subfield code="8">F</subfield>
    <subfield code="a">BTIN</subfield>
    <subfield code="b">BTIN</subfield>
    <subfield code="d">2021-12-23</subfield>
    <subfield code="e">Patil Medical Book House</subfield>
    <subfield code="g">550.00</subfield>
    <subfield code="i">1604</subfield>
    <subfield code="l">6</subfield>
    <subfield code="o">F 610.73 VEN B09605</subfield>
    <subfield code="p">BTIN-BK-9605</subfield>
    <subfield code="r">2024-05-29 00:00:00</subfield>
    <subfield code="s">2024-05-22</subfield>
    <subfield code="v">382.25</subfield>
    <subfield code="w">2021-02-25</subfield>
    <subfield code="y">BK</subfield>
    <subfield code="z">B09605</subfield>
  </datafield>
  <datafield tag="952" ind1=" " ind2=" ">
    <subfield code="0">0</subfield>
    <subfield code="1">0</subfield>
    <subfield code="4">0</subfield>
    <subfield code="7">0</subfield>
    <subfield code="8">F</subfield>
    <subfield code="a">BTIN</subfield>
    <subfield code="b">BTIN</subfield>
    <subfield code="d">2021-12-23</subfield>
    <subfield code="e">Patil Medical Book House</subfield>
    <subfield code="g">550.00</subfield>
    <subfield code="i">1604</subfield>
    <subfield code="l">5</subfield>
    <subfield code="m">1</subfield>
    <subfield code="o">F 610.73 VEN B09606</subfield>
    <subfield code="p">BTIN-BK-9606</subfield>
    <subfield code="r">2024-07-09 00:00:00</subfield>
    <subfield code="s">2024-07-06</subfield>
    <subfield code="v">382.25</subfield>
    <subfield code="w">2021-02-25</subfield>
    <subfield code="y">BK</subfield>
    <subfield code="z">B09606</subfield>
  </datafield>
</record>
